Inventors’ cavalcade / (Record no. 182835)
[ view plain ]
| 000 -LEADER | |
|---|---|
| fixed length control field | 00647 a2200169 4500 |
| 003 - CONTROL NUMBER IDENTIFIER | |
| control field | Nust |
| 005 - DATE AND TIME OF LATEST TRANSACTION | |
| control field | 20221014095636.0 |
| 040 ## - CATALOGING SOURCE | |
| Transcribing agency | Nust |
| 082 ## - DEWEY DECIMAL CLASSIFICATION NUMBER | |
| Classification number | 608,LAR |
| 100 ## - MAIN ENTRY--PERSONAL NAME | |
| Personal name | Larsen, Egon |
| 9 (RLIN) | 100263 |
| 245 ## - TITLE STATEMENT | |
| Title | Inventors’ cavalcade / |
| Statement of responsibility, etc. | Eagon Larsen |
| 260 ## - PUBLICATION, DISTRIBUTION, ETC. | |
| Place of publication, distribution, etc. | London, |
| Name of publisher, distributor, etc. | L. Drummond |
| Date of publication, distribution, etc. | [1943] |
| 300 ## - PHYSICAL DESCRIPTION | |
| Extent | 207 p. illus., |
| Other physical details | ports. 22 cm. |
| 505 ## - FORMATTED CONTENTS NOTE | |
| Formatted contents note | Men lighter than air (Page-9), Steam and steel (Page-40), Taming the lightining (Page- 84), Masters of the sea (Page-116), The wizard of menlo park (Page-134), Music of the ether (Page-152), Clippers of the cloud (Page-184), |
| 650 ## - SUBJECT ADDED ENTRY--TOPICAL TERM | |
| Topical term or geographic name entry element | Inventors’ cavalcade, |
| 9 (RLIN) | 100264 |
| 942 ## - ADDED ENTRY ELEMENTS (KOHA) | |
| Source of classification or shelving scheme | |
| Koha item type | Book |
| Withdrawn status | Lost status | Source of classification or shelving scheme | Damaged status | Not for loan | Permanent Location | Current Location | Shelving location | Date acquired | Full call number | Barcode | Date last seen | Price effective from | Koha item type | Public note |
|---|---|---|---|---|---|---|---|---|---|---|---|---|---|---|
| Military College of Signals (MCS) | Military College of Signals (MCS) | General Stacks | 12/12/2016 | 608,LAR | MCS29713 | 12/08/2016 | 12/12/2016 | Book | Almirah No.26, Shelf No.2 |
